| 000 | 00000nam##2200000za#4500 |
| 001 | 9.641677 |
| 003 | CaOODSP |
| 005 | 20210624223331 |
| 007 | cr ||||||||||| |
| 008 | 150407|2009||||xxc|||||o f|0| 0 fre|d |
| 040 | |aCaOODSP|bfre |
| 043 | |an-cn--- |
| 086 | 1 |aH14-99/2009F-PDF |
| 110 | 1 |aCanada. |bSanté Canada. |
| 245 | 10|aVérification du Bureau de l'évaluation et du contrôle des substances nouvelles : |h[ressource électronique]|brapport de vérification final / |c[par] Bureau de la vérification et de la responsabilisation. |
| 260 | |aOttawa - Ontario : |bSanté Canada |cSeptembre 2009. |
| 300 | |a18p. |
| 590 | |a13-10-Supp|b2013-04-13 |
| 775 | 08|tAudit of New Substances Assessment and Control Bureau : |w(CaOODSP)9.697642 |
| 856 | 40|ahttp://publications.gc.ca|qPDF|s75 Ko|uhttps://publications.gc.ca/collections/collection_2013/sc-hc/H14-99-2009-fra.pdf |